000 00486nam a2200193Ia 4500
005 20240823025438.0
008 240823s9999||||xx |||||||||||||| ||und||
020 _a978-81-318-0814-6
041 _aENGLISH
082 _A620.112 Q0
100 _aBansal R K
245 2 _aA Text Book of Strength of Materials
250 _aIV
260 _c2010
_b"Laxmi,New "
_aNew Delhi
500 _aTRANSFERED
650 _aStrength of Materials
_bMechanical
942 _cBK
999 _c186338
_d186338